Skoki narciarskie - QUIZ - Statystyki

Ogólne statystyki
  • Ten quiz został rozwiązany 931 razy
  • Średni wynik to 11 z 27
Statystyki odpowiedzi
Hint Odpowiedź % Poprawnych
Rekordzista Polski w długości lotu Kamil Stoch
99%
Rekordzista w długości lotu Stefan Kraft
97%
Belka, z której Kamil Stoch pobijał rekord skoczni w Trondheim 1 / pierwsza
86%
Największa duża skocznia w PŚ Willingen / Mühlenkopfschanze
65%
Turniej z najwyższą nagrodą pieniężną TCS / Turniej Czterech Skoczni
57%
Miasto-gospodarz ostatnich IO Pekin
55%
Zwycięzca zawodów na małej skoczni na IO 2022 Ryoyu Kobayashi
55%
Autor najdalszego skoku na skoczni dużej Timi Zajc
52%
Turniej, w którego każdej edycji oddano inną ilość skoków Raw Air
51%
Rekordzista największej skoczni dużej Klemens Murańka
49%
Najwięcej wygranych konkursów Pucharu Świata (kto?) Gregor Schlierenzauer
47%
Punkt K skoczni w Zakopanem 125m
45%
Ostatni niemiecki zwycięzca TCS Sven Hannawald
44%
Ile ten skok wynosił ? (podaj długość) 161.5m
43%
Dyrektor generalny PŚ Sandro Pertile
38%
Najliczniejsza skokowa rodzina Prevc
37%
Najbardziej utytułowany olimpijczyk Simon Ammann
33%
Żywność - według Piotra Żyły i Słoweńców gwarantująca sukces w zawodach Papryka
30%
Zaskakujący zimowy mistrz Polski z 2020r. Tomasz Pilch
22%
Najczęściej ostatnia skocznia sezonu zimowego Letalnica
15%
W jakim mieście odbyła się tzw. Wielka Bitwa w roku 2020? Oberstdorf
13%
Narodowość trenerów, których skoczkowie w ostatnich latach odnosili najwięcej sukcesów Austriacy
12%
Państwo, które organizowało Mistrzostwa Świata w narciarstwie klasycznym w 2009r. Czechy
12%
Skocznia, na której ma się rozegrać pierwszy historyczny konkurs lotów pań Vikersundbakken
8%
Kształt nagród otrzymywanych przez skoczków w Engelbergu Aniołek
7%
"Mistrzyni drugich miejsc" z niedawnym przełomem Katharina Althaus
5%
Czynnik, który najbardziej wpłynął na wyniki konkursu mikstów na IO 2022 Agnieszka Baczkowska
2%
Nie znaleziono quizów pasujących do podanych kryteriów
Rozkład punktacji
Procent ludzi z każdym wynikiem
Percentyl według liczby udzielonych odpowiedzi
Twoja historia wyników
Nie rozwiązałeś tego quizu